Diseño de montura para radiotelescopio de aplicación solar
Gespeichert in:
| 1. Verfasser: | |
|---|---|
| Weitere Verfasser: | , , |
| Format: | Buch |
| Sprache: | Spanish |
| Veröffentlicht: |
[San José , Costa Rica]
2017
|
| Schlagworte: | |
| Tags: |
Tag hinzufügen
Keine Tags, Fügen Sie den ersten Tag hinzu!
|
MARC
| LEADER | 00000nam a22000007a 4500 | ||
|---|---|---|---|
| 003 | 012623 | ||
| 005 | 20230921100924.0 | ||
| 008 | 170914b2017 cr a|||| ||m| 00| ||spa d | ||
| 040 | |c cru CEDI | ||
| 090 | |a TFG 7774 | ||
| 100 | |9 1592 |a Cárdenas Gómez, Andrés, 1992- | ||
| 245 | |a Diseño de montura para radiotelescopio de aplicación solar | ||
| 260 | |a [San José , Costa Rica] |c 2017 | ||
| 300 | |a xii, 171 [10] hojas; ilustraciones a color | ||
| 500 | |a Proyecto de graduación (licenciatura en ingeniería mecánica)--Universidad de Costa Rica. Facultad de Ingeniería. Escuela de Ingeniería Mecánica | ||
| 501 | |a Director de Proyecto de Graduación: M.Sc. Fernando Rojas González | ||
| 650 | |x MOVIMIENTOS MECANICOS |x ACOPLAMIENTOS (MAQUINARIA) |x DISEÑO DE MAQUINAS |x INGENIERÍA MECÁNICA |x ANTENAS PARABOLICAS |9 9869 | ||
| 700 | |9 1593 |a Mack Alonso, Francisco, 1990- | ||
| 700 | |9 1594 |a Sequeira Flores, Daniel , 1992- | ||
| 700 | |9 1595 |a Rojas González, Fernando |d Director del TFG | ||
| 942 | |c CEDI | ||
| 999 | |c 18994 |d 18994 | ||
